00466nam a2200193Ia 4500008004100000020001800041050001400059100001900073245003700092245001900129260001500148260001600163260000900179300001500188300002700203300001000230440002400240500000800264170918s9999 xx 000 0 und d a9780545160780 bC953 2010 aCrowne, Alyssa aPurple princess wins the prize / cAlyssa Crowne. aNew York : bScholastic, c2010 a73 pages : bcolored illustration ; c20cm. aPerfectly princess. a430